|
|
|
|
| LEADER |
00000cam a2200000 7i4500 |
| 001 |
0000048451 |
| 005 |
20150615.0 |
| 008 |
150615 |
| 020 |
|
|
|a 9789830401737
|
| 020 |
|
|
|a 9830401731
|
| 090 |
0 |
0 |
|a 297.43
|b SAR
|
| 100 |
1 |
|
|a Sarah Md.Yusuf
|
| 245 |
1 |
0 |
|a Adab Qada' Hajat
|c Sarah Md.Yusuf
|
| 260 |
|
|
|a Selangor :
|b Penerbitan Al-Ramadhan ,
|c 1996
|
| 490 |
0 |
|
|a Siri Penghayatan Al-Sunnah
|
| 999 |
|
|
|a 0000451814
|b Book
|c Adult Collection
|e Cawangan Muar
|
| 999 |
|
|
|a 0000775924
|b Book
|c Adult Collection
|e Cawangan Pontian
|
| 999 |
|
|
|a 0000789097
|b Book
|c Adult Collection
|e Cawangan Segamat
|
| 999 |
|
|
|a 0000830908
|b Book
|c Adult Collection
|e Cawangan Segamat
|
| 999 |
|
|
|a 0000830909
|b Book
|c Adult Collection
|e Cawangan Segamat
|
| 999 |
|
|
|a 0000834686
|b Book
|c Adult Collection
|e Cawangan Mersing
|